Agile techniques in software project management

Salvato in:
Dettagli Bibliografici
Autore principale: Polášek, Ivan
Natura: Capitolo di libro
Lingua:inglese
Tags: Aggiungi Tag
Nessun Tag, puoi essere il primo ad aggiungerne!!

MARC

LEADER 00000naa$a2200000$$$4500
001 0066957
005 20240502083159.7
041 0 |a eng 
044 |a SI 
245 1 0 |a Agile techniques in software project management  |c Ivan Polášek 
100 1 |a Polášek, Ivan